000 00590nam a2200229Ia 4500
003 OSt
005 20220928113941.0
006 a|||||r|||| 00| 0
007 ta
008 220927b |||||||| |||| 00| 0 eng d
024 _a37341
037 _cTextual
040 _aSDCL
_cSDCL
_beng
041 _2eng
_aeng
082 _aQ4596, K0
100 _aSuzuki D T
_9401059
245 0 _aZen buddhism and psychoanalysis.
260 _aLondon
_bSouvenir Press
_c1960
300 _aviii,180p.
_ccm.
942 _hQ4596, K0
_cTEXL
_2CC
999 _c752161
_d752161